Thể chế chính trị thế giới đương đại

Gespeichert in:
Bibliographische Detailangaben
1. Verfasser: Dương Xuân Ngọc
Format: Buch
Sprache:Undetermined
Veröffentlicht: H. CTQG 2003
Schlagworte:
Tags: Tag hinzufügen
Keine Tags, Fügen Sie den ersten Tag hinzu!
Thư viện lưu trữ: Trung tâm Học liệu Trường Đại học Cần Thơ
LEADER 00608nam a2200205Ia 4500
001 CTU_58808
008 210402s9999 xx 000 0 und d
020 |b 39000 
082 |a 320.9 
082 |b Ng419 
100 |a Dương Xuân Ngọc 
245 0 |a Thể chế chính trị thế giới đương đại 
245 0 |c Dương Xuân Ngọc và Lưu Văn An 
260 |a H. 
260 |b CTQG 
260 |c 2003 
650 |a world politics,political institution 
650 |x description and appraisal 
904 |i Minh 
980 |a Trung tâm Học liệu Trường Đại học Cần Thơ